Logo BPK

Biblioteka

Politechniki Koszalińskiej

Teoria maszyn i mechanizmów. (Rekord nr 3688)

Szczegóły MARC
000 -ETYKIETA REKORDU
podpole kontrolne o stałej długości 00412nam a2200157 i 4500
001 - NUMER KONTROLNY REKORDU
pole kontrolne bg
040 ## - ŹRÓDŁO KATALOGOWANIA
Instytucja, która utworzyła rekord BPK
041 ## - KOD JĘZYKA
Kod języka tekstu pol
008 - POLE O STAŁEJ DŁUGOŚCI - DANE KONTROLNE
podpole kontrolne o stałej długości s pl f |000 0 pol
100 1# - NAZWA OSOBOWA
Nazwa osobowa MŁYNARSKI, Tadeusz
245 #0 - TYTUŁ/ODPOWIEDZIALNOŚĆ
Tytuł Teoria maszyn i mechanizmów.
Oznaczenie części/sekcji dzieła Cz.1 /
Pozostałe elementy strefy tytułu i oznaczenia odpowiedzialności T. Młynarski, A. Listwan, E. Pazderski.
260 ## - STREFA ADRESU WYDAWNICZEGO
Miejsce wydania Kraków,
Data publikacji, dystrybucji/powstania dokumentu 1987.
700 1# - HASŁO DODATKOWE - NAZWA OSOBOWA
Nazwa osobowa LISTWAN, Antonina
700 1# - HASŁO DODATKOWE - NAZWA OSOBOWA
Nazwa osobowa PAZDERSKI, Edmund
856 ## - LOKALIZACJA I DOSTĘP DO ELEKTRONICZNYCH DOKUMENTÓW ZDALNYCH
Link (URL) http://koha.tu.koszalin.pl/cgi-bin/koha/opac-detail.pl?biblionumber=3688
Tekst linku Katalog online BPK
942 ## - DODATKOWE ELEMENTY (KOHA)
Typ dokumentu Książka
Egzemplarze
Wycofany Status egzemplarza Uszkodzony Dostępność Lokalizacja stała Lokalizacja bieżąca Miejsce przechowywania Sygnatura Kod kreskowy Typ dokumentu
      Dostępny Biblioteka Politechniki Koszalińskiej Biblioteka Politechniki Koszalińskiej Wypożyczalnia BG P 38197 01235562 Książka
© 2023 Biblioteka Politechniki Koszalińskiej :: KOHA